|
|
|
|
| LEADER |
00000nam a2200000 a 4500 |
| 001 |
vtls008409671 |
| 003 |
SK-MaSNL |
| 005 |
20260425225517.0 |
| 007 |
co cgu uuua |
| 008 |
051115s2005 xo gs 000 0 slo |
| 015 |
|
|
|a SNBS2007
|
| 020 |
|
|
|a 8088850673 (CDROM)
|
| 040 |
|
|
|a SNK
|b slo
|c SNK
|e AACR2
|
| 041 |
0 |
|
|a slo
|
| 043 |
|
|
|a e-xo---
|
| 044 |
|
|
|a xo
|c SK
|
| 072 |
|
7 |
|a 502
|x Životné prostredie a jeho ochrana
|2 konspekt
|
| 080 |
|
|
|a 502/504
|2 MDT-MRF
|
| 080 |
|
|
|a 574
|2 MDT-MRF
|
| 080 |
|
|
|a (437.6)
|2 MDT-MRF
|
| 080 |
|
|
|a (0.034.44)
|2 MDT-MRF
|
| 245 |
0 |
0 |
|a Prírodné dedičstvo Slovenska
|h elektronický zdroj
|
| 256 |
|
|
|a Elektronické dokumenty
|
| 260 |
|
|
|a Banská Štiavnica
|b Stredisko environmentálnej výchovy Geopark - Slovenská agentúra životného prostredia
|c [2005]
|
| 300 |
|
|
|a 1 elektronický optický disk (CD-ROM)
|c 12 cm
|
| 538 |
|
|
|a CD je optimalizované na prehliadač Internet Explorer verzie 5,5 a vyššej a pre rozlíšenie obrazovky 800x600
|
| 650 |
0 |
7 |
|a environmentalizmus
|2 SNKPH
|9 23212
|
| 650 |
0 |
7 |
|a ekológia
|2 SNKPH
|9 785
|
| 650 |
0 |
7 |
|a starostlivosť o životné prostredie
|2 SNKPH
|9 73235
|
| 651 |
|
7 |
|a Slovensko
|2 SNKPH
|9 14231
|
| 655 |
|
7 |
|a CD-ROM
|2 SNKPH
|9 70236
|
| 919 |
|
|
|a 80-88850-67-3
|
| 999 |
|
|
|c 650992
|d 652922
|
| 952 |
|
|
|a SNK
|b SNK
|y PREZ
|7 0
|p 17A0487865
|o snkSCDM 767
|i snk2005/19376
|8 0
|0 0
|1 0
|4 0
|d 2005-11-15
|l 0
|r 2026-02-23 18:22:08
|w 2026-02-23
|